Vista normal
Vista MARC
Entrada Uniform Title
Número de registros utilizados en: 1
001 - CONTROL NUMBER
- control field: 37102
003 - CONTROL NUMBER IDENTIFIER
- control field: OSt
005 - DATE AND TIME OF LATEST TRANSACTION
- control field: 20230915232020.0
008 - FIXED-LENGTH DATA ELEMENTS
- fixed length control field: 230915|| aca||aabn | a|a d
040 ## - CATALOGING SOURCE
- Original cataloging agency: OSt
- Transcribing agency: OSt
130 ## - HEADING--UNIFORM TITLE
- Uniform title: Microsoft Windows Server (Archivo de ordenador)
670 ## - SOURCE DATA FOUND
- Source citation: Work cat.: (OSt)32628: Raya Cabrera, José Luis, Domine Microsoft Windows Server 2008 / , RA - MA D.L. 2009